000 00209 a2200097 4500
001 42967
100 _aPudney
245 _aSide great aviators
260 _aLondon
_bHamish Hamilton
_c
090 _c26844
_d26844
942 _aNUST-CAE
_cM
_c18718
999 _c278040
_d278040